| 000 | 00646nam a22001937a 4500 | ||
|---|---|---|---|
| 005 | 20180730142028.0 | ||
| 010 | _aENG-123615 | ||
| 020 |
_c795.00 _a9780199482184 |
||
| 035 | _aEN-107147 | ||
| 037 | _bDBAD/PUB. | ||
| 082 | _a327.54 | ||
| 100 | _aAbhyankar, Rajendra M. | ||
| 245 |
_aIndian diplomacy : _cby Rajendra M. Abhyankar _bbeyond strategic autonomy / |
||
| 260 |
_aNew Delhi _bOxford University Press _c2018 |
||
| 270 |
_a2/11, Ground Floor, Ansari Road, Daryaganj, _bNew Delhi _e110002 |
||
| 300 |
_axxxiv,421p. _c22cm(Hb) |
||
| 500 | _aIt includes select bibliography and index | ||
| 942 |
_2ddc _cEN _h327.54 _mABH |
||
| 999 |
_c155100 _d155100 |
||